000 00356nam a22001457a 4500
020 _a978-93-5124-990-0
041 _aENG
100 _a Metha .M.L
245 _aTesting and evaluation of Agricuitural Machinery
260 _aNew Delhi
_bDaya Publishing House
_c2019
300 _a301
650 _aFMP
700 _a Verma.S.R , singh.S.K
856 _uFMP
999 _c125
_d125